|
|
|
|
| LEADER |
00752nam a2200217 a 4500 |
| 001 |
c000277755 |
| 003 |
CARM |
| 005 |
20071206083245.0 |
| 008 |
071206s1969 enk 000 1 eng d |
| 019 |
1 |
|
|a 50075060
|5 LACONCORD2021
|
| 020 |
|
|
|a 0093078404
|
| 035 |
|
|
|a (OCoLC)812550993
|5 LACONCORD2021
|
| 040 |
|
|
|a VCAV
|b eng
|c VCAV
|
| 100 |
1 |
|
|a Tilsley, Frank,
|d 1904-
|
| 245 |
1 |
0 |
|a Devil take the hindmost /
|c Frank Tilsley.
|
| 250 |
|
|
|a Howard Baker ed.
|
| 260 |
|
|
|a London :
|b Howard Baker,
|c 1969.
|
| 300 |
|
|
|a 318 p.
|
| 852 |
8 |
|
|b CARM
|h A1:AL29A0
|i A05395
|p 0456529
|f BK
|
| 999 |
f |
f |
|i 5c5d2de5-de32-55c3-a7da-61cec6dd5ba3
|s 6f1f9ad2-23e1-5fc2-8aad-c000a45d1aca
|
| 952 |
f |
f |
|p Can circulate
|a CAVAL
|b CAVAL
|c CAVAL
|d CARM 1 Store
|e A05395
|f A1:AL29A0
|h Other scheme
|i book
|m 0456529
|